AH International Schools' Libraries

Circle Time: A Resource Book for Infant, Junior and Secondary Schools (Record no. 48989)

MARC details
000 -LEADER
fixed length control field 00411nam a22001217a 4500
008 - FIXED-LENGTH DATA ELEMENTS--GENERAL INFORMATION
fixed length control field 250701b |||||||| |||| 00| 0 eng d
020 ## - INTERNATIONAL STANDARD BOOK NUMBER
International Standard Book Number 1873942559
100 ## - MAIN ENTRY--PERSONAL NAME
Personal name Teresa Bliss (Author), Jo Tetley (Author)
9 (RLIN) 86367
245 ## - TITLE STATEMENT
Title Circle Time: A Resource Book for Infant, Junior and Secondary Schools
260 ## - PUBLICATION, DISTRIBUTION, ETC. (IMPRINT)
Name of publisher, distributor, etc Paul Chapman Educational Publishing
Date of publication, distribution, etc 1993
300 ## - PHYSICAL DESCRIPTION
Extent 44 p
Other physical details col. ill.
Dimensions 21 cm x 30 cm
942 ## - ADDED ENTRY ELEMENTS (KOHA)
Source of classification or shelving scheme
Holdings
Withdrawn status Lost status Source of classification or shelving scheme Damaged status Not for loan Collection code Home library Current library Date acquired Total Checkouts Full call number Barcode Date last seen Price effective from Koha item type
          Non-Fiction Asian Hope Siem Reap Asian Hope Siem Reap 07/01/2025   NFIC TER 208228 07/01/2025 07/01/2025 Book

For any Logos Library related questions please contact Miss Art at swongnarasuk@asianhope.org.

For any Asian Hope Library related questions please contact Miss Raza at graza@asianhope.org.

Click here to explore our ebooks!

Powered by Koha